000 00548nam a2200217Ia 4500
003 OSt
005 20221005122237.0
006 a|||||r|||| 00| 0
007 ta
008 221004b |||||||| |||| 00| 0 eng d
024 _a52628
037 _cTextual
040 _aCRL
_cCRL
_beng
041 _2eng
_aeng
082 _aQ7.45, J4
245 0 _aIslamic society in Persia
_b An inaugural lecture delivered on 9 March 1954
260 _c1954
650 _aRELIGION
942 _hQ7.45, J4
_cTEXL
_2cc
999 _c1043722
_d1043722